| 000 | 00434nam a2200193Ia 4500 | ||
|---|---|---|---|
| 008 | 170918s9999 xx 000 0 und d | ||
| 020 | _a590100505 | ||
| 050 | _bR573 1997 | ||
| 100 | _aRiley, Linnea | ||
| 245 | _aMouse mess / | ||
| 245 | _cLinnea Riley. | ||
| 260 | _aNew York : | ||
| 260 | _bScholastic, | ||
| 260 | _c1997 | ||
| 300 | _aunpaged : | ||
| 300 | _bcolored illustration ; | ||
| 300 | _c23cm. | ||
| 500 | _a420 | ||
| 999 |
_c341328 _d341328 |
||